01152 a2200157 45000010006000000050017000060080041000230030015000640400040000790800109001192450046002282640043002743000017003175050637003341000023009714846420260407155749.0260407a1971 arg spa dAR-UNSa-BCEJYS aAR-UNSa-BCEJYSbspacAR-UNSa-BCEJYS a339.9xEconomía internacional en general. Relaciones económicas internacionales. Economía mundial 10aEsencia de la economía latino americana 1aBuenos Aires :bCuenca Edicionesc1971 a1971c20 cm. a1. La economía de los países subdesarrollados - 2. La economía y sus connotaciones políticas - 3. La distribución del ingreso - 4. Régimen de tenencia y explotación de la tierra - 5. La riqueza minera y otros recursos naturales - 6. Comercio exterior - 7. El proceso de la industrialización - 8. La formación del capital - 9. El financiamiento externo - 10. Impuestos y gastos públicos - 11. El problema de la inflación - 12. Problemas demográficos - 13. La integración económica latinoamericana - 14. La planificación de la economía - 15. Una teoría económica para los países subdesarrollados.1 aCholvis, Francisco